| 000 | 00354nam a2200121Ia 4500 | ||
|---|---|---|---|
| 008 | 190216s9999||||xx |||||||||||||| ||und|| | ||
| 100 | _aBalaram Moosad C | ||
| 245 | 0 | _aGolden Harvest | |
| 260 |
_bB I Publication _c1988 |
||
| 300 | _a125p | ||
| 650 | _aModern Indian History-Modern Indian History-Modern Indian History-Modern Indian History | ||
| 942 | _cBK | ||
| 999 |
_c13455 _d13455 |
||